000 00531cam a22002171 4500
001 sa 65002229
003 DLC
005 20260227112115.0
008 881028s1964 xx 000 0 beno
010 _asa 65002229
035 _a(OCoLC)23575157
040 _aDLC
_cMiU
_dDLC
042 _apremarc
050 0 0 _aPK1704
_b.M8
100 1 _aMukhopādhyāẏa, Aruṇakumāra,
_d1930-
245 1 0 _aLekhakera mukhomukhi.
260 _c[1964]
300 _a253 p.
_c23 cm.
500 _aRomanized.
650 0 _aAuthors, Bengali
999 _c62533
_d62533